[Event "Jonquiere Interclubs Saguenay"]
[Site "Jonquiere"]
[Date "1992.01.19"]
[Round "3"]
[White "Fortin, Michel"]
[Black "Jobin, Rock"]
[Result "1/2-1/2"]
[WhiteElo "1813"]
[BlackElo "1669"]
[PlyCount "120"]
[EventDate "1992.01.18"]
[EventType "team-swiss"]
[EventRounds "4"]
[EventCountry "CAN"]
[SourceTitle "EXT 2022"]
[Source "ChessBase"]
[SourceDate "2021.10.06"]
[SourceVersion "1"]
[SourceVersionDate "2021.10.06"]
[SourceQuality "1"]

1. d4 Nf6 2. Nc3 e6 3. e4 d5 4. Bg5 Be7 5. e5 Nfd7 6. Bxe7 Qxe7 7. f4 c5 8. Nb5 Kd8 9. Nd6 Nc6 10. Nf3 f6 11. c3 Rf8 12. Qe2 fxe5 13. fxe5 cxd4 14. cxd4 Nxd4 15. Nxd4 Qh4+ 16. g3 Qxd4 17. Rd1 Qxe5 18. Qxe5 Nxe5 19. Bg2 a6 20. Ne4 Bd7 21. Nc3 Rc8 22. Ke2 Bb5+ 23. Nxb5 axb5 24. Rd2 Ng4 25. Bf3 Ne5 26. Bg2 Rc7 27. Rhd1 Rcf7 28. Rf1 Rxf1 29. Bxf1 Ng4 30. Ke1 Ke7 31. Bxb5 Rc8 32. h3 Ne5 33. Ke2 Rc5 34. a4 Kd6 35. Kf2 Nf7 36. Be8 Ng5 37. Kg2 e5 38. h4 Ne6 39. b4 Rc4 40. Rb2 Nc7 41. Bh5 Na6 42. b5 Nc5 43. a5 Ra4 44. a6 bxa6 45. b6 Nb7 46. Bd1 Ra5 47. Be2 e4 48. Rc2 Rc5 49. Ra2 Kc6 50. Rb2 a5 51. Kf2 d4 52. Bg4 Kd5 53. Bd1 d3 54. Ke3 Ke5 55. Ba4 Rc4 56. Bb5 Rb4 57. Rxb4 axb4 58. Bc6 Na5 59. Bxe4 Nc4+ 60. Kxd3 Nxb6 1/2-1/2